000 00786nam a2200265 a 4500
001 18113
003 BD-RjUL
005 20211209000235.0
008 140219r20072002ii a 001 0 eng d
020 _a0137512236
035 _a(BD-RjUL)18171
035 _a8178085801
040 _aBD-RjUL
_beng
_cBD-RjUL
041 _aeng
082 _a658.15
_bVAF 2007
_223
100 1 _aVan Horne, James C.
_943595
245 1 0 _aFinancial management and policy /
_cJames C. Van Horne.
250 _a12th ed.
260 _aNew Delhi :
_bPrentice-Hall,
_cc2002 [Reprint 2006-2007].
300 _axviii, 814 p. :
_bill. ;
_c26 cm.
500 _aWith calculator guide.
504 _aIncludes bibliographical references and index.
650 0 _aCorporations
_xFinance.
_955815
942 _2ddc
_cBK
999 _c18113
_d18113